Normal view
MARC view
- K. P. Sudheer
Entry Personal Name
001 - CONTROL NUMBER
- control field: 3947
003 - CONTROL NUMBER IDENTIFIER
- control field: OSt
005 - DATE AND TIME OF LATEST TRANSACTION
- control field: 20181116113224.0
008 - FIXED-LENGTH DATA ELEMENTS
- fixed length control field: 181116|| aca||aabn | a|a d
040 ## - CATALOGING SOURCE
- Original cataloging agency: OSt
- Transcribing agency: OSt
100 ## - HEADING--PERSONAL NAME
- Personal name: K. P. Sudheer
670 ## - SOURCE DATA FOUND
- Source citation: Work cat.: (OSt)15276: N. A. SAKKEENA DEEVI 3946, Design, fabrication and testing of a urea super granule applicator
